[Event "AUTO-ELITE-2356"]
[Site "http://www.queenalice.com/game.php?id=1768085"]
[Date "2021.8.27"]
[Round "1"]
[White "caboclo"]
[Black "Lamorteoscura77"]
[Result "1-0"]
[WhiteElo "2678"]
[BlackElo "2020"]

1. e4 c5 2. Nf3 e6 3. Nc3 a6 4. d4 cxd4 5. Nxd4 Qc7 6. Bd3 Nc6 7. Nxc6 dxc6 8.
O-O e5 9. f4 Nf6 10. Qe1 Bc5+ 11. Kh1 O-O 12. a4 Re8 13. f5 Bd7 14. a5 Rad8 15.
g4 Nxg4 16. Qh4 1-0

[Event "AUTO-ELITE-2356"]
[Site "http://www.queenalice.com/game.php?id=1768086"]
[Date "2021.8.27"]
[Round "1"]
[White "Lamorteoscura77"]
[Black "caboclo"]
[Result "0-1"]
[WhiteElo "2018"]
[BlackElo "2679"]

1. d4 Nf6 2. c4 e6 3. Nc3 Bb4 4. f3 c5 5. d5 d6 6. Bg5 h6 7. Bh4 O-O 8. e4 Re8
9. Bxf6 Qxf6 10. Qd3 exd5 11. cxd5 Nd7 12. Ne2 b5 13. O-O-O Ne5 14. Qc2 Rb8 15.
Kb1 Bd7 0-1

[Event "AUTO-ELITE-2218"]
[Site "http://www.queenalice.com/game.php?id=1771512"]
[Date "2021.10.5"]
[Round "2"]
[White "josekasparov"]
[Black "caboclo"]
[Result "0-1"]
[WhiteElo "2548"]
[BlackElo "2691"]

1. e4 e5 2. Nf3 Nc6 3. Bc4 Bc5 4. c3 Nf6 5. O-O Nxe4 6. d4 d5 7. Nxe5 Nxe5 8.
Bb3 O-O 9. f3 Nf6 10. dxc5 Qe7 11. Re1 Qxc5+ 12. Be3 Qc6 13. Bd4 Ng6 14. Na3 Bf5
15. Nc2 Bxc2 16. Qxc2 a5 17. Qf5 a4 18. Bc2 Rfe8 19. Rad1 Qb5 20. b4 axb3 21.
Bxb3 Rxe1+ 22. Rxe1 Re8 23. Rxe8+ Qxe8 24. Kf1 Qe6 25. Qg5 h6 26. Qd2 c6 27. Bc2
Qd6 28. Bxg6 fxg6 29. Qb2 b5 30. Qb4 Qxb4 31. cxb4 g5 32. Ke2 Nh7 33. g4 Kf7 34.
Ke3 Nf8 35. Be5 Ne6 36. Bb8 Ke7 37. Be5 Kd7 38. Kd3 c5 39. bxc5 Kc6 0-1

[Event "AUTO-ELITE-2218"]
[Site "http://www.queenalice.com/game.php?id=1771513"]
[Date "2021.10.5"]
[Round "2"]
[White "caboclo"]
[Black "josekasparov"]
[Result "1-0"]
[WhiteElo "2685"]
[BlackElo "2555"]

1. e4 c5 2. Nf3 Nc6 3. d4 cxd4 4. Nxd4 e5 5. Nb5 d6 6. c4 Be7 7. N1c3 a6 8. Na3
f5 9. exf5 Bxf5 10. Nc2 Nf6 11. Ne3 Be6 12. Bd3 O-O 13. O-O Rc8 14. Ned5 Nd4 15.
Be3 Kh8 16. Nxf6 Bxf6 17. Qh5 Bg8 18. Rac1 Qe8 19. Qxe8 Rfxe8 20. b3 Bd8 21. Ne2
Bb6 22. Nxd4 Bxd4 23. Bxd4 exd4 24. Rfd1 Rc5 25. h4 a5 26. Rc2 d5 27. cxd5 Rxd5
28. Rc7 b6 29. Rb7 Rd6 30. Rc1 Bd5 31. Ra7 Bc6 32. h5 Kg8 33. Rc7 Be4 34. Rc8
1-0

[Event "AUTO-ELITE-2413"]
[Site "http://www.queenalice.com/game.php?id=1790003"]
[Date "2022.6.3"]
[Round "1"]
[White "caboclo"]
[Black "josekasparov"]
[Result "0-1"]
[WhiteElo "2610"]
[BlackElo "2543"]

1. e4 e5 2. Nf3 Nc6 3. Bb5 a6 4. Ba4 Nf6 5. O-O Be7 6. Re1 b5 7. Bb3 O-O 8. c3
d5 9. exd5 Nxd5 10. Nxe5 Nxe5 11. Rxe5 c6 12. d3 Bd6 13. Re1 Qh4 14. g3 Qh3 15.
Re4 Bb7 16. Rh4 Qf5 17. d4 h6 18. Nd2 Rae8 19. Bc2 Qe6 20. Ne4 f5 21. Nc5 Bxc5
22. dxc5 Qe1+ 23. Kg2 Bc8 24. Bb3 Qe7 25. c4 bxc4 26. Rxc4 Kh7 27. Bf4 Nxf4+ 28.
Rxf4 Qxc5 29. Rc1 Qe7 30. Qc2 c5 31. Bd5 Bb7 32. Qb3 Bxd5+ 33. Qxd5 Rd8 34. Qf3
Qe5 35. Rc2 Rd4 36. Re2 Qf6 37. b3 a5 38. Rc2 Qe5 39. Re2 Qf6 40. h3 Rxf4 41.
Qxf4 Qc6+ 42. Kh2 a4 43. bxa4 c4 44. a5 c3 45. Rc2 Qc5 46. a6 Rd8 47. Qf3 Rd2
48. Rxd2 cxd2 49. Kg2 Qc2 50. a7 Qxa2 51. Qxf5+ Kg8 52. Qc8+ Kh7 53. a8=Q Qxa8+
54. Qxa8 d1=Q 55. Qe4+ Kg8 56. Qe6+ Kf8 57. g4 Qd2 58. Qc8+ Kf7 59. Qc4+ Kf8 60.
h4 Qd6 61. Qc8+ Kf7 62. Qb7+ Kg8 63. Qa8+ Kf7 64. Qa2+ Kf8 65. f3 Qd4 0-1

[Event "AUTO-ELITE-2413"]
[Site "http://www.queenalice.com/game.php?id=1790004"]
[Date "2022.6.3"]
[Round "1"]
[White "josekasparov"]
[Black "caboclo"]
[Result "0-1"]
[WhiteElo "2548"]
[BlackElo "2642"]

1. e4 e5 2. Nf3 Nc6 3. Bc4 Bc5 4. d3 Nf6 5. c3 a6 6. Nbd2 O-O 7. h3 Na5 8. Nxe5
d5 9. exd5 Nxc4 10. Ndxc4 Qxd5 11. Qf3 Re8 12. Qxd5 Nxd5 13. d4 Bf8 14. O-O Be6
15. Bd2 f6 16. Ng4 Nxc3 17. bxc3 Bxc4 18. Rfe1 c5 19. Ne3 Bd3 20. a3 h5 21. dxc5
Bxc5 22. Nd5 Rxe1+ 23. Bxe1 Re8 24. Nf4 Bc2 25. Nxh5 Rd8 26. Nf4 Rd1 27. Rxd1
Bxd1 28. Bd2 Bxa3 29. Kf1 a5 30. Ke1 Bc2 31. Be3 a4 32. Kd2 Bb1 33. Nd3 Bb2 0-1

[Event "AUTO-ELITE-2218"]
[Site "http://www.queenalice.com/game.php?id=1790435"]
[Date "2022.6.8"]
[Round "3"]
[White "RaulSoft"]
[Black "caboclo"]
[Result "1-0"]
[WhiteElo "2703"]
[BlackElo "2649"]

1. d4 Nf6 2. c4 e6 3. g3 Bb4+ 4. Bd2 Be7 5. Nf3 d5 6. Bg2 O-O 7. Qc2 Nbd7 8. O-O
c6 9. b3 b6 10. Rd1 a5 11. Bc3 Ne4 12. Bb2 f5 13. Nc3 Ba6 14. e3 b5 15. c5 b4
16. Ne2 1-0

[Event "AUTO-ELITE-2218"]
[Site "http://www.queenalice.com/game.php?id=1790436"]
[Date "2022.6.8"]
[Round "3"]
[White "caboclo"]
[Black "RaulSoft"]
[Result "0-1"]
[WhiteElo "2656"]
[BlackElo "2696"]

1. e4 e5 2. Nf3 Nc6 3. Bb5 Nf6 4. O-O Nxe4 5. Re1 Nd6 6. Nxe5 Nxe5 7. Rxe5+ Be7
8. Bf1 O-O 9. Nc3 Bf6 10. Re1 Re8 11. Nd5 Rxe1 12. Qxe1 b6 13. Nxf6+ Qxf6 14. d3
Bb7 15. Qd2 Nf5 16. Qf4 c5 0-1

[Event "AUTO-ELITE-2356"]
[Site "http://www.queenalice.com/game.php?id=1792156"]
[Date "2022.7.8"]
[Round "2"]
[White "caboclo"]
[Black "grotegeest"]
[Result "0-1"]
[WhiteElo "2601"]
[BlackElo "2856"]

1. e4 c5 2. Nf3 d6 3. d4 cxd4 4. Nxd4 Nf6 5. Nc3 g6 6. f3 Bg7 7. Be3 O-O 8. Qd2
Nc6 9. O-O-O d5 10. exd5 Nxd5 11. Nxc6 bxc6 12. Bd4 Bxd4 13. Qxd4 Qb6 14. Na4
Qc7 15. g3 Rb8 16. Qc5 Be6 17. Be2 Rfd8 18. Rhe1 Rd6 19. b3 Rbd8 20. f4 h5 21.
Bf3 Rc8 22. Kb2 a5 23. Qg1 Bf5 24. Be4 Bg4 25. Rd3 Rb8 26. a3 Nf6 27. Rc3 e6 28.
Qe3 Bf5 29. Bf3 Qd8 30. Rc5 Kh7 31. Re2 Nd5 32. Qf2 Rb5 33. Ka2 Kg8 34. Rc4 Rb8
35. Qf1 Ne7 36. Nb2 Qb6 37. Qc1 Nd5 0-1

[Event "AUTO-ELITE-2356"]
[Site "http://www.queenalice.com/game.php?id=1792157"]
[Date "2022.7.8"]
[Round "2"]
[White "grotegeest"]
[Black "caboclo"]
[Result "1/2-1/2"]
[WhiteElo "2804"]
[BlackElo "2649"]

1. e4 e5 2. Nf3 Nc6 3. Bc4 Nf6 4. d3 Bc5 5. c3 d6 6. O-O O-O 7. h3 h6 8. Nbd2 a5
9. Re1 Be6 10. Bb5 Qb8 11. Nf1 Qa7 12. Be3 Bxe3 13. Nxe3 Ne7 14. a4 Ng6 15. Bc4
Bxc4 16. Nxc4 Qa6 17. b3 Rfe8 18. Qc2 Qc6 19. d4 exd4 20. Nxd4 Qc5 21. Rad1
1/2-1/2

[Event "AUTO-ELITE-2356"]
[Site "http://www.queenalice.com/game.php?id=1792158"]
[Date "2022.7.8"]
[Round "2"]
[White "caboclo"]
[Black "Sexxy_Bunny"]
[Result "0-1"]
[WhiteElo "2666"]
[BlackElo "2805"]

1. e4 e6 2. d4 d5 3. Nc3 Nf6 4. e5 Nfd7 5. f4 c5 6. Nf3 Nc6 7. Be3 Be7 8. Qd2
O-O 9. dxc5 Bxc5 10. O-O-O Qa5 11. a3 Be7 12. h4 a6 13. h5 b5 14. Nd4 Qc7 15.
Rh3 Nxd4 16. Bxd4 Rb8 17. Na2 a5 18. Nc3 b4 19. Nb5 Qc6 20. Na7 Qb7 21. axb4
axb4 22. f5 exf5 0-1

[Event "AUTO-ELITE-2356"]
[Site "http://www.queenalice.com/game.php?id=1792159"]
[Date "2022.7.8"]
[Round "2"]
[White "Sexxy_Bunny"]
[Black "caboclo"]
[Result "1-0"]
[WhiteElo "2810"]
[BlackElo "2661"]

1. e4 e5 2. Nf3 Nc6 3. Bb5 a6 4. Ba4 Nf6 5. O-O Be7 6. Re1 b5 7. Bb3 O-O 8. c3
d5 9. exd5 Nxd5 10. Nxe5 Nxe5 11. Rxe5 c6 12. d4 Bd6 13. Re1 Qh4 14. g3 Qh3 15.
Re4 g5 16. Qf1 Qh5 17. Nd2 Nf4 18. gxf4 gxf4 19. Bd1 Qh6 20. Kh1 Kh8 21. Qe1 Bf5
22. Re5 Bh3 23. Nf1 1-0

[Event "AUTO-ELITE-2441"]
[Site "http://www.queenalice.com/game.php?id=1799816"]
[Date "2022.11.13"]
[Round "1"]
[White "caboclo"]
[Black "Diego_Silveira"]
[Result "1-0"]
[WhiteElo "2648"]
[BlackElo "2233"]

1. e4 c6 2. d4 d5 3. e5 Bf5 4. Nf3 e6 5. Be2 Nd7 6. O-O Qb6 7. c4 dxc4 8. Nbd2
c3 9. bxc3 Nh6 10. Nc4 Qc7 11. Ng5 O-O-O 12. g4 Bg6 13. h4 f6 14. Nxe6 Qb8 15.
Nxd8 Kxd8 16. Bf4 fxe5 17. dxe5 1-0

[Event "AUTO-ELITE-2441"]
[Site "http://www.queenalice.com/game.php?id=1799817"]
[Date "2022.11.13"]
[Round "1"]
[White "Diego_Silveira"]
[Black "caboclo"]
[Result "0-1"]
[WhiteElo "2216"]
[BlackElo "2621"]

1. Nf3 Nf6 2. c4 c5 3. g3 d5 4. cxd5 Nxd5 5. Bg2 Nc6 6. d3 g6 7. O-O Bg7 8. a3
O-O 9. Qc2 Bg4 10. Nbd2 b6 11. Rb1 Qd7 12. Re1 h6 13. b3 Nc3 14. Bb2 Nxb1 15.
Qxb1 Rac8 16. Bxg7 Kxg7 17. Qb2+ f6 18. b4 Rfd8 19. bxc5 bxc5 20. Rc1 Nd4 21.
Nxd4 cxd4 22. Nc4 Be6 23. Qb4 Rb8 24. Qa5 Qb5 25. Qc7 Rd7 26. Qf4 Rc8 27. h4
Bxc4 28. dxc4 Rxc4 29. Rxc4 Qxc4 30. h5 Qxe2 31. hxg6 Rd6 32. Bf3 Qe1+ 33. Kg2
d3 34. Qc4 Qe6 0-1

[Event "AUTO-ELITE-2441"]
[Site "http://www.queenalice.com/game.php?id=1799818"]
[Date "2022.11.13"]
[Round "1"]
[White "caboclo"]
[Black "krystian478"]
[Result "1-0"]
[WhiteElo "2652"]
[BlackElo "2134"]

1. e4 c5 2. Nf3 d6 3. d4 cxd4 4. Nxd4 Nf6 5. Nc3 a6 6. Be3 e6 7. f3 Qc7 8. g4 h6
9. Qd2 Be7 10. h4 Nc6 11. O-O-O Nd7 12. Be2 b5 13. g5 h5 14. a3 Bb7 15. g6 fxg6
16. Nxe6 1-0

[Event "AUTO-ELITE-2441"]
[Site "http://www.queenalice.com/game.php?id=1799819"]
[Date "2022.11.13"]
[Round "1"]
[White "krystian478"]
[Black "caboclo"]
[Result "0-1"]
[WhiteElo "2133"]
[BlackElo "2653"]

1. c4 e5 2. Nc3 Nf6 3. e3 Nc6 4. d3 d5 5. cxd5 Nxd5 6. Nf3 Be6 7. Be2 Bd6 8. O-O
O-O 9. a3 Nxc3 10. bxc3 Re8 11. c4 Qf6 12. Bb2 Qh6 13. Qc2 b6 14. e4 Qg6 15. Kh1
Rad8 16. Bc3 Bg4 0-1

[Event "AUTO-ELITE-2468"]
[Site "http://www.queenalice.com/game.php?id=1809148"]
[Date "2023.4.2"]
[Round "1"]
[White "caboclo"]
[Black "Sexxy_Bunny"]
[Result "0-1"]
[WhiteElo "2627"]
[BlackElo "2743"]

1. e4 c5 2. Nf3 d6 3. d4 cxd4 4. Nxd4 Nf6 5. Nc3 a6 6. Be3 e5 7. Nb3 Be6 8. f3
h5 9. Qd2 Nbd7 10. Nd5 Bxd5 0-1

[Event "AUTO-ELITE-2468"]
[Site "http://www.queenalice.com/game.php?id=1809150"]
[Date "2023.4.2"]
[Round "1"]
[White "caboclo"]
[Black "trompmaster"]
[Result "0-1"]
[WhiteElo "2643"]
[BlackElo "2531"]

1. e4 g6 2. d4 Bg7 3. Nc3 d6 4. Nf3 Nf6 5. Be3 O-O 6. Qd2 a6 7. Bd3 Nbd7 8.
O-O-O c6 9. h4 Nb6 10. e5 Nh5 0-1